เปลี่ยนเป็นภาษาไทย

Change to English
 แสดงรายละเอียดบรรณานุกรม
  กลับหน้าหลัก

Brief Record : Get Marc (ISO 2709) : E-mail record : QR code กลับ
E-books : เกี่ยวกับ Collections
LEADER 00000nam 2200000uu 4500
001    13399128790
003     BCNR
008    220901s2569 th a 000 0 tha d
020    ^a9786166022544
041    ^atha
060 04 ^aWY157^bก492 2569
245 10 ^aการพยาบาลสูติศาสตร์ :^bปฏิบัติการพยาบาลผดุงครรภ์ /^cปิยะพร ศิษย์กุลอนันต์, บรรณาธิการ
250    ^aพิมพ์ครั้งที่ 9
260    ^aปทุมธานี :^bสำนักพิมพ์มหาวิทยาลัยธรรมศาสตร์,^c2569
300    ^a240 หน้า :^bภาพประกอบ ;^c26ซม.
505 0  ^aระยะตั้งครรภ์ -- บทที่ 1 การซักประวัติ การฉีดวัคซีนบาดทะยัก การบันทึกข้อมูลเกี่ยวกับการตั้งครรภ์และการคลอด -- บทที่ 2 การตรวจร่างกายสตรีตั้งครรภ์ -- บทที่ 3 การตรวจครรภ์ การคาดคะเนอายุครรภ์ การกำหนดวันคลอด -- บทที่ 4 การตรวจด้วยคลื่นเสียงความถี่สูง -- บทที่ 5 การตรวจคัดกรองทารกในครรภ์กลุ่มอาการดาวน์ -- บทที่ 6 การเจาะน้ำคร่ำ -- บทที่ 7 การตรวจ Non Stress Test : NST -- ระยะคลอด -- บทที่ 8 การให้ยา Oxytocin เพื่อกระตุ้นการเจ็บครรภ์คลอด -- บทที่ 9 การตรวจภายในเพื่อประเมินความก้าวหน้าของการคลอด -- บทที่ 10 การทำคลอดปกติ -- บทที่ 11 การทำคลอดรกและการตรวจรก -- บทที่ 12 การซ่อมแซมแผลฝีเย็บ -- บทที่ 13 การดูแลมารดาในระยะ 2 ชั่วโมงหลังคลอด -- บทที่ 14 การประเมิน APGAR score และการพยาบาลทารกแรกเกิดทันทีที่มีความเสี่ยงสูง -- บทที่ 15 การรับทารกจากห้องผ่าตัด -- บทที่ 16 การดูแลทารกในระยะ 2 ชั่วโมงแรกคลอด -- บทที่ 17 การประเมินสภาพทารกแรกเกิด -- ระยะหลังคลอด -- บทที่ 18 การแช่ก้น -- บทที่ 19 การอบแผลฝีเย็บ -- บทที่ 20 การเลี้ยงลูกด้วยนมแม่ และการป้อนนมทารกด้วยแก้ว -- บทที่ 21 การบีบเก็บน้ำนม -- บทที่ 22 การนวดกระตุ้นการดูดกลืน -- บทที่ 23 การอาบน้ำทารกแรกเกิด -- บทที่ 24 การฉีดยาและวัคซีนในทารกแรกเกิดทันที -- บทที่ 25 การเจาะเลือดทารกแรกเกิดเพื่อตรวจคัดกรองพัฒนาการ -- บทที่ 26 การส่องไฟทารกที่มีภาวะตัวเหลือง -- บทที่ 27 การตรวจหลังคลอดและการตรวจหาเซลล์มะเร็งปากมดลูก -- ตัวอย่างแผนการพยาบาล -- บทที่ 28 ตัวอย่างแผนการพยาบาลระยะตั้งครรภ์ -- บทที่ 29 ตัวอย่างแผนการพยาบาลระยะคลอด -- บทที่ 30 ตัวอย่างแผนการพยาบาลระยะหลังคลอด
650  4 ^aการคลอด
650  4 ^aการพยาบาลสูติศาสตร์
650  4 ^aครรภ์
650  4 ^aผดุงครรภ์
700 0  ^aปิยะพร ศิษย์กุลอนันต์,^eบรรณาธิการ
999    ^aบรรณารักษ์
รายการนี้ยังไม่มีแท็ก
คุณยังไม่ได้ล็อกอิน คุณสามารถมีกิจกรรมร่วมกับเว็บไซต์ได้ แต่ต้องล็อกอินก่อน ::
  ล็อกอิน
ลำดับที่ ประเภท เลขเรียก/บาร์โค้ด สถานที่ สถานะ
1. หนังสือ
หนังสือ
WY157 ก492 2569 c.1 
  Barcode: 087809
ห้องสมุดสาขาหลัก
►หนังสือทั่วไป
On Shelf
*รอนำขึ้นชั้น
2. หนังสือ
หนังสือ
WY157 ก492 2569 c.2 
  Barcode: 087810
ห้องสมุดสาขาหลัก
►หนังสือทั่วไป
On Shelf
*รอนำขึ้นชั้น
3. หนังสือ
หนังสือ
WY157 ก492 2569 c.3 
  Barcode: 087811
ห้องสมุดสาขาหลัก
►หนังสือทั่วไป
On Shelf
*รอนำขึ้นชั้น
4. หนังสือ
หนังสือ
WY157 ก492 2569 c.4 
  Barcode: 087812
ห้องสมุดสาขาหลัก
►หนังสือทั่วไป
On Shelf
*รอนำขึ้นชั้น
5. หนังสือ
หนังสือ
WY157 ก492 2569 c.5 
  Barcode: 087813
ห้องสมุดสาขาหลัก
►หนังสือทั่วไป
On Shelf
*รอนำขึ้นชั้น
6. หนังสือ
หนังสือ
WY157 ก492 2569 c.6 
  Barcode: 087814
ห้องสมุดสาขาหลัก
►หนังสือทั่วไป
On Shelf
*รอนำขึ้นชั้น
7. หนังสือ
หนังสือ
WY157 ก492 2569 c.7 
  Barcode: 087815
ห้องสมุดสาขาหลัก
►หนังสือทั่วไป
On Shelf
*รอนำขึ้นชั้น
8. หนังสือ
หนังสือ
WY157 ก492 2569 c.8 
  Barcode: 087816
ห้องสมุดสาขาหลัก
►หนังสือทั่วไป
On Shelf
*รอนำขึ้นชั้น
9. หนังสือ
หนังสือ
WY157 ก492 2569 c.9 
  Barcode: 087817
ห้องสมุดสาขาหลัก
►หนังสือทั่วไป
On Shelf
*รอนำขึ้นชั้น
10. หนังสือ
หนังสือ
WY157 ก492 2569 c.10 
  Barcode: 087818
ห้องสมุดสาขาหลัก
►หนังสือทั่วไป
On Shelf
*รอนำขึ้นชั้น
   [แสดง 10/10 รายการ]

รายการใกล้เคียง
    หัวเรื่อง [การคลอด]
    หัวเรื่อง [การพยาบาลสูติศาสตร์]
    หัวเรื่อง [ครรภ์]
    หัวเรื่อง [ผดุงครรภ์]

BibComment


ยังไม่เคยถูกคอมเมนท์

คอมเมนท์ทรัพยากรรายการนี้
  คอมเมนท์: การพยาบาลสูติศาส..
Bib 13399128790

 
 
 

 Union Library Management : ULibM
Copyright 2026. All Rights Reserved.